| Tag |
First Indicator |
Second Indicator |
Subfields |
| LEADER |
00000cam a2200000 i 4500 |
| 001 |
in00004397708 |
| 005 |
20210123195843.0 |
| 006 |
m fo d f |
| 007 |
cr bn nnnauuuu |
| 008 |
130507s1979 dcua o f000 0 eng d |
| 035 |
|
|
|a ccn00395385
|
| 040 |
|
|
|a NjRocCCS
|b eng
|e rda
|c NjRocCCS
|
| 043 |
|
|
|a n-us---
|
| 050 |
|
4 |
|a KF27.5
|b .A8 1978 v.9
|
| 086 |
0 |
|
|a Y4.AS7:K58/v.9
|
| 110 |
1 |
|
|a United States.
|b Congress.
|b House.
|b Select Committee on Assassinations,
|e author.
|
| 245 |
1 |
0 |
|a Investigation of the assassination of Martin Luther King, Jr.
|n Vol. 9 :
|b appendix to hearings before the Select Committee on Assassinations of the U.S. House of Representatives, Ninety-fifth Congress, second session (interviews with James Earl Ray).
|
| 264 |
|
1 |
|a Washington :
|b U.S. Government Printing Office,
|c 1979.
|
| 264 |
|
2 |
|a [Getzville, New York] :
|b William S. Hein and Company,
|c [2013]
|
| 300 |
|
|
|a 1 online resource (iii, 522 pages) :
|b illustrations.
|
| 336 |
|
|
|a text
|b txt
|2 rdacontent
|
| 337 |
|
|
|a computer
|b c
|2 rdamedia
|
| 338 |
|
|
|a online resource
|b cr
|2 rdacarrier
|
| 490 |
1 |
|
|a HeinOnline U.S. Congressional documents
|
| 490 |
1 |
|
|a HeinOnline civil rights and social justice
|
| 588 |
|
|
|a Description based on PDF title page, viewed May 6, 2013.
|
| 600 |
1 |
0 |
|a King, Martin Luther,
|c Jr.,
|d 1929-1968
|x Assassination.
|
| 600 |
1 |
0 |
|a Ray, James Earl,
|d 1928-1998.
|
| 655 |
|
7 |
|a Electronic books.
|2 local
|
| 776 |
0 |
8 |
|c Original
|w (DLC) 79601289
|
| 830 |
|
0 |
|a U.S. Congressional documents.
|
| 830 |
|
0 |
|a Civil rights and social justice.
|
| 856 |
4 |
0 |
|u http://proxy.library.tamu.edu/login?url=https://www.heinonline.org/HOL/Page?handle=hein.congrec/iiartkijr0001&id=1&collection=civil&index=civil
|z Connect to the full text of this electronic book
|t 0
|
| 949 |
|
|
|a KF 27.5 .A8 1978 v.9
|w LC
|c 1
|i 395385-2001
|d 9/14/2020
|l MAIN
|m HEN
|q 1
|r Y
|s Y
|t WEB
|u 5/8/2013
|x ENG
|z N-US
|
| 999 |
f |
f |
|s da1017a9-c1dd-3960-b302-a207f8bb1e57
|i 859a7654-0b83-3f9e-8c8b-31abdba77c3e
|t 0
|
| 952 |
f |
f |
|a Texas A&M University
|b College Station
|c Electronic Resources
|d Available Online
|t 0
|e KF27.5 .A8 1978 v.9
|h Library of Congress classification
|
| 998 |
f |
f |
|a KF27.5 .A8 1978 v.9
|t 0
|l Available Online
|